000 01450nam a2200301 a 4500
001 03809
003 DO-SdBPM
005 20250602112817.0
007 03809
008 150130s2006 sp ac 000 0 spa d
020 _a 8449431743
040 _aDO-SdBPM
_bspa
_cBPMSU
082 4 _aR036
_bP952a 2006
_222
245 0 0 _aPriamia activa :
_bPlus /
_cDirección José Gay ; dirección Carlos Gispert ; ilustraciones Javier Andrada
260 _aBarcelona, España :
_bGrupo Océano,
_c2006
300 _a6 v. :
_bil., retrs. ;
_c29 cm.
505 0 _aVolumen 1 lenguaje.-- Matemáticas.-- Geometría.-- Astronomía.-- Geografía física.-- Geología.-- Paleontología.-- Cuerpo humano.-- Salud e higiene.-- Volumen 2 Botánica.-- Zoología.-- Países del mundo.-- Pueblos y culturas.-- Economía y sociedad.-- Transportes y comunicaciones.-- Física.-- Volumen 3 Química.-- computación.-- Internet.-- Tecnología.-- Diseños y materiales.-- Historia universal.-- Historia de América.-- Historia de la cultura.-- Banderas
590 _aInventariado, 2025/VM
650 4 _aEducación primaria
_vDiccionarios, enciclopedias, etc.
_x
650 4 _a Enciclopedias escolares
_x
700 1 _aGay José
_edirección
700 1 _aGispert Carlos
_eDirección
700 1 _aAndrada Javier
_eilustraciones
710 _aGrupo Océano
830 0 _aProyecto Sé
910 _aVMateo V. Control de calidad BPMSU
942 _2ddc
_cBK
999 _c15124
_d15124